00753nam a2200229Ia 4500003000400000005001700004008004100021020002200062040000700084041000800091082002200099100003100121245005600152260004200208300001500250365001300265650001900278906006000297942001200357999001900369952013500388OSt20230518163030.0210423s2013 xx 000 0 und d a978-81-203-4677-2 cAL aeng a581.0724 PURI223 aPUROHIT (Sunil D).9109021 aIntroduction to plant cell tissue and organ culture aNew DelhibPHI Learning Pvt Ltdc2013 axv,316bPB b295cINR aBotany9109022 acell ; culture. ; Introduction ; organ ; plant ; tissue 2ddccBK c165189d165189 001040708BIOCaSACPGbSACPGd2014-01-03eAthulya Booksg295.00l0o581.0724 PURIpPG011687r2022-08-24 00:00:00w2021-04-26yBK